<?xml version="1.0" encoding="UTF-8"?>
<collection xmlns:xsi="http://www.w3.org/2001/XMLSchema-instance" xsi:schemaLocation="http://www.loc.gov/MARC21/slim http://www.loc.gov/standards/marcxml/schema/MARC21slim.xsd" xmlns="http://www.loc.gov/MARC21/slim">
 <record>
  <leader>00000nam a22000004a 4500</leader>
  <controlfield tag="001">UP-8027390931311970859</controlfield>
  <controlfield tag="003">Buklod</controlfield>
  <controlfield tag="005">20250529084922.0</controlfield>
  <controlfield tag="006">m    |o  d |      </controlfield>
  <controlfield tag="007">ta</controlfield>
  <controlfield tag="008">250529t20222020fluab   rb   |001 0|eng d</controlfield>
  <datafield tag="020" ind1=" " ind2=" ">
   <subfield code="a">9781032474403</subfield>
  </datafield>
  <datafield tag="037" ind1=" " ind2=" ">
   <subfield code="a">BC-75768</subfield>
   <subfield code="b">Mind Mover Publishing House Inc.</subfield>
   <subfield code="c">Php5,380.00</subfield>
   <subfield code="n">MS CARE, Department of Biology</subfield>
  </datafield>
  <datafield tag="040" ind1=" " ind2=" ">
   <subfield code="a">WSU Libraries</subfield>
   <subfield code="d">BAG</subfield>
   <subfield code="e">rda</subfield>
  </datafield>
  <datafield tag="041" ind1="0" ind2=" ">
   <subfield code="a">eng</subfield>
  </datafield>
  <datafield tag="090" ind1=" " ind2="0">
   <subfield code="a">QH 541.5 S3</subfield>
   <subfield code="b">C63 2022</subfield>
  </datafield>
  <datafield tag="245" ind1="0" ind2="0">
   <subfield code="a">Coastal and marine environments</subfield>
   <subfield code="c">edited by Yeqiao Wang. </subfield>
  </datafield>
  <datafield tag="250" ind1=" " ind2=" ">
   <subfield code="a">Second edition.</subfield>
  </datafield>
  <datafield tag="264" ind1=" " ind2="1">
   <subfield code="a">Boca Raton, FL </subfield>
   <subfield code="b">CRC Press, an imprint of the Taylor &amp; Francis Group</subfield>
   <subfield code="c">2022.</subfield>
  </datafield>
  <datafield tag="264" ind1=" " ind2="4">
   <subfield code="c">©2020.</subfield>
  </datafield>
  <datafield tag="300" ind1=" " ind2=" ">
   <subfield code="a">xxii, 365 pages</subfield>
   <subfield code="b">illustrations, maps</subfield>
   <subfield code="c">26 cm </subfield>
  </datafield>
  <datafield tag="336" ind1=" " ind2=" ">
   <subfield code="a">text</subfield>
   <subfield code="2">rdacontent</subfield>
  </datafield>
  <datafield tag="337" ind1=" " ind2=" ">
   <subfield code="a">unmediated</subfield>
   <subfield code="2">rdamedia</subfield>
  </datafield>
  <datafield tag="338" ind1=" " ind2=" ">
   <subfield code="a">volume</subfield>
   <subfield code="2">rdacarrier</subfield>
  </datafield>
  <datafield tag="490" ind1="0" ind2=" ">
   <subfield code="a">Handbook of natural resources</subfield>
   <subfield code="v">volume 5</subfield>
  </datafield>
  <datafield tag="504" ind1=" " ind2=" ">
   <subfield code="a">Includes bibliographical references and index.</subfield>
  </datafield>
  <datafield tag="505" ind1="0" ind2=" ">
   <subfield code="a">Section I: Terrestrial Coastal Environment 1. Aquaculture 2. Aquaforests and Aquaforestry: Africa 3. Coastal and Estuarine Waters: Light Behavior 4. Coastal and Estuarine Waters: Optical Sensors and Remote Sensing 5. Coastal Environments 6. Coastal Erosion and Shoreline Change 7. Coastal Natural Disasters: Tsunamis on the Sanriku Coast 8. Coral Reef: Biology and History 9. Coral Reef: Ecology and Conservation 10. Fisheries: Conservation and Management 11. Mangrove Forests 12. Tourism Management: Marine and Coastal Recreation 13. Science Communication for Natural Resource Managers: Techniques and Examples in Marine Systems 14. Quantifying Reef Ecosystem Services Section II: Marine Environment 15. Archaeological Oceanography 16. Arctic Hydrology 17. Bathymetry: Assessment 18. Bathymetry: Features and Hypsography 19. Bathymetry: Seafloor Mapping History 20. Marine Benthic Productivity 21. Marine Mammals 22. Marine Protected Areas 23. Marine Resource Management 24. Maritime Transportation and Ports 25. Markets, Trade, and Seafood 26. Water Cycle: Ocean’s Role 27. Climate Change Impacts and Adaptation for Coastal Transportation Infrastructure: A Sustainable Development Challenge for SIDS in the Caribbean and Beyond Section III: Coastal Change and Monitoring 28. Coastal Environments: Remote Sensing 29. Submerged Aquatic Vegetation: Seagrasses 30. Wetlands: Coastal, InSAR Mapping 31. A Hybrid Approach for Mapping Salt Marsh Vegetation 32. Remote Sensing of Coastal Wetlands of the Yellow River Delta Region 33. Coastal Change: Remote Sensing of Wetlands in Yangtze River Estuary 34. Remote Sensing of Mangrove Forests in an Environment of Global Change 35. Salt Marsh Mapping and Change Analysis: Remote Sensing 36. Tidal Effects in Salt Marsh Mapping: Remote Sensing.</subfield>
  </datafield>
  <datafield tag="520" ind1=" " ind2=" ">
   <subfield code="a">Authored by world-class scientists and scholars, The Handbook of Natural Resources, Second Edition, is an excellent reference for understanding the consequences of changing natural resources to the degradation of ecological integrity and the sustainability of life. Based on the content of the bestselling and CHOICE-awarded Encyclopedia of Natural Resources, this new edition demonstrates the major challenges that the society is facing for the sustainability of all well-being on the planet Earth. The experience, evidence, methods, and models used in studying natural resources are presented in six stand-alone volumes, arranged along the main systems of land, water, and air. It reviews state-of-the-art knowledge, highlights advances made in different areas, and provides guidance for the appropriate use of remote sensing and geospatial data with field-based measurements in the study of natural resources. Volume 5, Coastal and Marine Environments, discusses marine and coastal ecosystems, their biodiversity, conservation, and integrated marine management plans. It provides fundamental information on coastal and estuarine systems and includes discussions on coastal erosion and shoreline change, natural disasters, evaporation and energy balance, fisheries and marine resource management, and more. New in this edition are discussions on sea level rise, renewable energy, coral reef restoration, fishery resource economics, and coastal remote sensing. This volume demonstrates the key processes, methods, and models used through many case studies from around the world. Written in an easy-to-reference manner, The Handbook of Natural Resources, Second Edition, as individual volumes or as a complete set, is an essential reading for anyone looking for a deeper understanding of the science and management of natural resources. Public and private libraries, educational and research institutions, scientists, scholars, and resource managers will benefit enormously from this set. Individual volumes and chapters can also be used in a wide variety of both graduate and undergraduate courses in environmental science and natural science at different levels and disciplines, such as biology, geography, earth system science, and ecology.</subfield>
  </datafield>
  <datafield tag="650" ind1=" " ind2="0">
   <subfield code="a">Coastal ecology. </subfield>
  </datafield>
  <datafield tag="650" ind1=" " ind2="0">
   <subfield code="a">Marine ecology. </subfield>
  </datafield>
  <datafield tag="650" ind1=" " ind2="0">
   <subfield code="a">Coastal zone management. </subfield>
  </datafield>
  <datafield tag="650" ind1=" " ind2="0">
   <subfield code="a">Marine resources</subfield>
   <subfield code="x">Management. </subfield>
  </datafield>
  <datafield tag="700" ind1="1" ind2=" ">
   <subfield code="a">Wang, Yeqiao</subfield>
   <subfield code="e">editor. </subfield>
  </datafield>
  <datafield tag="905" ind1=" " ind2=" ">
   <subfield code="a">FO</subfield>
  </datafield>
  <datafield tag="852" ind1="0" ind2=" ">
   <subfield code="a">UPBAG</subfield>
   <subfield code="b">UPBAG-MAIN</subfield>
   <subfield code="h">QH 541.5 S3</subfield>
   <subfield code="i">C63 2022</subfield>
  </datafield>
  <datafield tag="942" ind1=" " ind2=" ">
   <subfield code="a">Book</subfield>
  </datafield>
 </record>
</collection>
